Statistics for Independiente Best Scorer By Year

Click here to take the quiz!

General Stats

  • This quiz has been taken 45 times
    (8 since last reset)
  • The average score is 8 of 18

Answer Stats

Player% Correct
Daniel Montenegro
71%
Sergio Agüero
71%
Andrés Silvera
57%
Emmanuel Gigliotti
57%
Facundo Parra
57%
Martín Cauteruccio
57%
Diego Forlán
43%
Emiliano Rigoni
43%
Germán Denis
43%
Leandro Fernández
43%
Nicolás Frutos
43%
Silvio Romero
43%
Christian Giménez
29%
Darío Gandín
29%
Ernesto Farías
29%
Federico Mancuello
29%
Lucas Albertengo
29%
Martín Benítez
29%

Score Distribution

Percentile by Number Answered

Percent of People with Each Score

Your Score History

You have not taken this quiz since the last reset